|
|
|
|
| LEADER |
00947nam a2200265 a 4500 |
| 001 |
3210451 |
| 008 |
110411s1979 njua b 001 0 eng d |
| 010 |
|
|
|a 78023326
|
| 020 |
|
|
|a 0876920873
|
| 020 |
|
|
|a 0132863510.
|a 0132863448
|b pbk.
|
| 040 |
|
|
|a DLC
|c DLC
|d DLC
|d BD-DhAAL
|
| 082 |
0 |
0 |
|a 658
|
| 100 |
1 |
|
|a Massie, Joseph L.
|
| 245 |
1 |
0 |
|a Essentials of management /
|c Joseph L. Massie.
|
| 250 |
|
|
|a 3rd ed.
|
| 260 |
|
|
|a Englewood Cliffs, N.J. ;
|a New Delhi :
|b Prentice-Hall,
|c c1979.
|
| 300 |
|
|
|a x, 262 p. :
|b ill. ;
|c 24 cm.
|
| 490 |
0 |
|
|a Prentice-Hall essentials of management series
|
| 541 |
1 |
|
|e 00000064
|
| 504 |
|
|
|a Includes bibliographies and index.
|
| 650 |
|
0 |
|a Industrial management.
|
| 650 |
|
0 |
|a Management.
|
| 852 |
4 |
|
|a Ayesha Abed library
|j General Shelf
|
| 999 |
|
|
|c 10690
|d 10690
|
| 952 |
|
|
|0 0
|1 0
|2 ddc
|4 0
|6 658_MAS
|7 0
|9 16061
|a BRACUL
|b BRACUL
|c GEN
|d 2011-04-12
|g 35.00
|l 1
|m 4
|o 658 MAS
|p 3010000064
|r 2022-05-29
|s 2022-04-19
|t 1
|w 2011-04-12
|y BK
|